| 000 | 00350nam a2200133 a 4500 | ||
|---|---|---|---|
| 005 | 20141022142001.0 | ||
| 008 | 100916s19uu xx 00 eng d | ||
| 050 |
_aDVD _bH83 1997 |
||
| 245 |
_aHow to do a business plan: _btwo case studies. |
||
| 260 |
_bStandford University, _c1997. |
||
| 650 | _aDVD | ||
| 650 | _abusiness planning | ||
| 942 | _cAVM | ||
| 999 |
_c276266 _d276266 |
||